| 000 | 00704nam a22002177a 4500 | ||
|---|---|---|---|
| 999 |
_c10942 _d10942 |
||
| 003 | AR-CdUCM | ||
| 008 | 190402b ||||| |||| 00| 0 spa d | ||
| 040 |
_aMUNICIPALIDAD PROVINCIAL DEL CUSCO _cBIBLIOTECA MUNICIPAL DEL CUSCO |
||
| 082 |
_aEP / 372.985 / _bV66 |
||
| 100 |
_aVillanueva Sotomayor, Julio _928019 |
||
| 245 | _aCiencias Historico Sociales / | ||
| 260 |
_aLima : _bBruño, |
||
| 300 |
_a151 paginas ; _bilustraciones, graficos, dibujos, _c28 cm. |
||
| 500 | _aCiencias hirtorico sociales | ||
| 650 |
_aCiencias Sociales _91096 |
||
| 650 |
_aHistorico _928020 |
||
| 650 |
_aTexto educativo _925832 |
||
| 700 |
_aSandoval Valdivia, Elba _928021 |
||
| 942 |
_2ddc _cLIBROS |
||
| 945 | _apjha | ||